Duch demokratického kapitalismu
Gespeichert in:
| 1. Verfasser: | |
|---|---|
| Weitere Verfasser: | |
| Format: | Buch |
| Sprache: | Tschechisch |
| Veröffentlicht: |
Praha
Občanský institut
1992
|
| Ausgabe: | 1. vyd. |
| Schlagworte: | |
| Tags: |
Keine Tags, Fügen Sie das erste Tag hinzu!
|
MARC
| LEADER | 00000nam a2200000 4500 | ||
|---|---|---|---|
| 001 | c004234 | ||
| 005 | 20221206084656.3 | ||
| 020 | |a 80-900190-1-3 | ||
| 041 | 0 | |a cze | |
| 044 | |a CZ | ||
| 245 | 1 | 0 | |a Duch demokratického kapitalismu |c Michael Novak ; [Z angl. prel. Jiří Pilucha] |
| 250 | |a 1. vyd. | ||
| 264 | 1 | |a Praha |b Občanský institut |c 1992 | |
| 300 | |a 433 s. | ||
| 610 | 2 | 0 | |a kapitalizmus |
| 610 | 2 | 0 | |a demokracia |
| 610 | 2 | 0 | |a socializmus |
| 610 | 2 | 0 | |a náboženstvo |
| 610 | 2 | 0 | |a ekonómia |
| 610 | 2 | 0 | |a politika |
| 610 | 2 | 0 | |a kultúra |
| 100 | 1 | |a Novak, Michael | |
| 700 | 1 | |a Pilucha, Jiří | |